KAJOLLS: Katsina journal of linguistic and literary studies (Record no. 38469)

MARC details
000 -LEADER
fixed length control field 00537nam a2200169Ia 4500
022 ## - INTERNATIONAL STANDARD SERIAL NUMBER
ISSN 23159855
050 ## - CALL MARK
Classification number PL 8021 .N5 M38/
245 #0 - TITLE STATEMENT
Title KAJOLLS: Katsina journal of linguistic and literary studies
260 ## - PUBLICATION, DISTRIBUTION, ETC. (IMPRINT)
Place of publication Katsina
260 ## - PUBLICATION, DISTRIBUTION, ETC. (IMPRINT)
Name of publisher Department of English and French of Umaru Musa Yar’adua University
260 ## - PUBLICATION, DISTRIBUTION, ETC. (IMPRINT)
Year of publication 2013
300 ## - PHYSICAL DESCRIPTION
Number of Pages vii, 245p.; 23cm
650 ## - SUBJECT ADDED ENTRY--TOPICAL TERM
Topical Term Nigerian philology--Periodicals. Nigerian literature--Periodicals.
942 ## - ADDED ENTRY ELEMENTS (KOHA)
Koha item type Serials

No items available.